<?xml version="1.0" encoding="UTF-8"?><?xml-stylesheet type="text/xsl" href="static/style.xsl"?><OAI-PMH xmlns="http://www.openarchives.org/OAI/2.0/" xmlns:xsi="http://www.w3.org/2001/XMLSchema-instance" xsi:schemaLocation="http://www.openarchives.org/OAI/2.0/ http://www.openarchives.org/OAI/2.0/OAI-PMH.xsd"><responseDate>2026-04-18T05:46:20Z</responseDate><request verb="GetRecord" identifier="oai:www.recercat.cat:20.500.12328/5195" metadataPrefix="marc">https://recercat.cat/oai/request</request><GetRecord><record><header><identifier>oai:recercat.cat:20.500.12328/5195</identifier><datestamp>2026-02-28T19:54:49Z</datestamp><setSpec>com_2072_67741</setSpec><setSpec>col_2072_484355</setSpec></header><metadata><record xmlns="http://www.loc.gov/MARC21/slim" xmlns:dcterms="http://purl.org/dc/terms/" xmlns:xsi="http://www.w3.org/2001/XMLSchema-instance" xmlns:doc="http://www.lyncode.com/xoai" xsi:schemaLocation="http://www.loc.gov/MARC21/slim http://www.loc.gov/standards/marcxml/schema/MARC21slim.xsd">
   <leader>00925njm 22002777a 4500</leader>
   <datafield ind2=" " ind1=" " tag="042">
      <subfield code="a">dc</subfield>
   </datafield>
   <datafield ind2=" " ind1=" " tag="720">
      <subfield code="a">Lynn, Zachary</subfield>
      <subfield code="e">author</subfield>
   </datafield>
   <datafield ind2=" " ind1=" " tag="260">
      <subfield code="c">25</subfield>
   </datafield>
   <datafield ind2=" " ind1=" " tag="520">
      <subfield code="a">This dissertation explores the concept of third culture identity and the development of a multilingual repertoire through an in-depth case study. The exploration has been framed by Ting-Toomey’s Identity Negotiation theory as well as existing research on Third Culture Kids discussing concepts of belonging and well being. A mixed method approach combining life story interviewing and language portraits were used to achieve the research objectives. The participant, a female aged 27, completed a qualitative interview followed by the independent completion of a language portrait to both orally and visually reflect on linguistic identity change over time and space. An inductive approach to thematic analysis was completed using Atlas.ti. Five holistic themes were identified from the life story interview (growing up as a TCK, communicating across cultures, sense of belonging, the benefits of being multilingual, and reflecting on third culture identity), which provided a retrospective account of the participant’s understanding of self. The language portrait corroborated the themes from the life story interview and illustrated a symbolic representation of the participant’s linguistic identity. The findings of this research illustrate a need for increased awareness with regards to how multicultural individuals can be supported in their learning and development. Through positive interaction and empathy, adults may better support TCKs transitioning to new cultural environments and social landscapes. In turn, children will develop the necessary intercultural communication skills to effectively express themselves and navigate cultural differences.</subfield>
   </datafield>
   <datafield ind1="8" ind2=" " tag="024">
      <subfield code="a">http://hdl.handle.net/20.500.12328/5195</subfield>
   </datafield>
   <datafield tag="653" ind2=" " ind1=" ">
      <subfield code="a">Third Culture Kids</subfield>
   </datafield>
   <datafield tag="653" ind2=" " ind1=" ">
      <subfield code="a">Identity negotiation</subfield>
   </datafield>
   <datafield tag="653" ind2=" " ind1=" ">
      <subfield code="a">Life story interview</subfield>
   </datafield>
   <datafield tag="653" ind2=" " ind1=" ">
      <subfield code="a">Language portrait</subfield>
   </datafield>
   <datafield tag="653" ind2=" " ind1=" ">
      <subfield code="a">Linguistic identity</subfield>
   </datafield>
   <datafield tag="653" ind2=" " ind1=" ">
      <subfield code="a">Niños de tercera cultura</subfield>
   </datafield>
   <datafield tag="653" ind2=" " ind1=" ">
      <subfield code="a">Negociación de la identidad</subfield>
   </datafield>
   <datafield tag="653" ind2=" " ind1=" ">
      <subfield code="a">Entrevista sobre la historia de vida</subfield>
   </datafield>
   <datafield tag="653" ind2=" " ind1=" ">
      <subfield code="a">Retrato lingüístico</subfield>
   </datafield>
   <datafield tag="653" ind2=" " ind1=" ">
      <subfield code="a">Identidad lingüística</subfield>
   </datafield>
   <datafield tag="653" ind2=" " ind1=" ">
      <subfield code="a">Nens de la tercera cultura</subfield>
   </datafield>
   <datafield tag="653" ind2=" " ind1=" ">
      <subfield code="a">Negociació de la identitat</subfield>
   </datafield>
   <datafield tag="653" ind2=" " ind1=" ">
      <subfield code="a">Entrevista biogràfica</subfield>
   </datafield>
   <datafield tag="653" ind2=" " ind1=" ">
      <subfield code="a">Retrat lingüístic</subfield>
   </datafield>
   <datafield tag="653" ind2=" " ind1=" ">
      <subfield code="a">Identitat lingüística</subfield>
   </datafield>
   <datafield ind2="0" ind1="0" tag="245">
      <subfield code="a">An Inquiry into Third Culture Identity: Reflections on intercultural communication and identity negotiation</subfield>
   </datafield>
</record></metadata></record></GetRecord></OAI-PMH>